书目信息 |
| 题名: |
“思想道德修养与法律基础”课教学案例解析
|
|
| 作者: | 戴艳军 , 杨慧民 主编 | |
| 分册: | ||
| 出版信息: | 北京 高等教育出版社 2008.09 |
|
| 页数: | 394页 | |
| 开本: | 23cm | |
| 丛书名: | ||
| 单 册: | ||
| 中图分类: | G641 | |
| 科图分类: | ||
| 主题词: | 思想修养--si xiang xiu yang--高等学校--教学参考资料 , 法律--fa lu--高等学校--中国--教学参考资料 | |
| 电子资源: | ||
| ISBN: | 978-7-04-024729-9 | |
| 000 | 01041nam0 2200265 450 | |
| 001 | 012009665358 | |
| 005 | 20091110204516.21 | |
| 010 | @a978-7-04-024729-9@dCNY29.60 | |
| 100 | @a20091110d2008 em y0chiy0120 ea | |
| 101 | 0 | @achi |
| 102 | @aCN@b110000 | |
| 105 | @ay z 000yy | |
| 106 | @ar | |
| 200 | 1 | @a“思想道德修养与法律基础”课教学案例解析@A“si xiang dao de xiu yang yu fa lu ji chu”ke jiao xue an li jie xi@f主编戴艳军, 杨慧民@Fzhu bian dai yan jun,yang hui min |
| 205 | @a第2版@b修订版 | |
| 210 | @a北京@c高等教育出版社@d2008.09 | |
| 215 | @a394页@d23cm | |
| 330 | @a本书取材新颖精当,内容覆盖面广,问题讨论层次分明,点评精练准确、深入浅出,教学建议贴近教学实际。为集中说明问题,本书还对教学案例进行了较大幅度的加工整理。 | |
| 606 | 0 | @a思想修养@Asi xiang xiu yang@x高等学校@j教学参考资料 |
| 606 | 0 | @a法律@Afa lu@x高等学校@y中国@j教学参考资料 |
| 690 | @aG641@v4 | |
| 701 | 0 | @a戴艳军@Adai yan jun@4主编 |
| 701 | 0 | @a杨慧民@Ayang hui min@4主编 |
| 801 | 0 | @aCN@bQSSK@c20091110 |
| 905 | @b764951-53@dG641@eD142@f3 | |
| “思想道德修养与法律基础”课教学案例解析/主编戴艳军, 杨慧民.-第2版,修订版.-北京:高等教育出版社,2008.09 |
| 394页;23cm |
| ISBN 978-7-04-024729-9:CNY29.60 |
| 本书取材新颖精当,内容覆盖面广,问题讨论层次分明,点评精练准确、深入浅出,教学建议贴近教学实际。为集中说明问题,本书还对教学案例进行了较大幅度的加工整理。 |
| ● |
| 相关链接 |
|
|
|
正题名:"思想道德修养与法律基础"课教学案例解析
索取号:G641/D142
 
预约/预借
| 序号 | 登录号 | 条形码 | 馆藏地/架位号 | 状态 | 备注 |
| 1 | 764951 | 207649516 | 社科库409/409社科库 10排1列2层/ [索取号:G641/D142] | 在馆 | |
| 2 | 764952 | 207649525 | 社科库409/409社科库 10排1列2层/ [索取号:G641/D142] | 在馆 | |
| 3 | 764953 | 207649534 | 社科二线422/422社科库 32排2列2层/ [索取号:G641/D142] | 在馆 |